000 02427cam a22004817a 4500
003 CHAP
005 20220329135353.0
008 971013s1984 r 00010 d
010 _a35209
011 _a36181
035 _a40300
040 _cCHAP
082 _a972.083
_bM4 1983-84
110 _aMéxico. Presidente,
_d1982-88 (Madrid Hurtado)
_977096
245 0 _aInforme de gobierno (2o.)
260 _aMéxico, D.F. :
_bSecretaría de Programción y Presupuesto,
_c1984
300 _a15 v
500 _aLa biblioteca tiene: v.1 informe v.2 Informe complementario v.3 Sector Agropecuario y forestal v.4 Sector Comercio y fomento industrial v.5 Sector Comercio y Fomento industrial v.5 Sector Desarrollo urbano y ecología v.7 Sector educativo v.8 Sector ene
590 _aBATCH-UPD
_b10
_c20130110
_lUCH01
_h1509
590 _aBATCH-UPD
_b10
_c20130410
_lUCH01
_h0927
590 _aBATCH-UPD
_b10
_c20130914
_lUCH01
_h1739
590 _aBATCH-UPD
_b10
_c20161124
_lUCH01
_h1709
590 _aCONVERSION
_b10
_c20130109
_lUCH01
_h1320
651 4 _aMéxico
_xPolítica y gobierno.
_976783
700 0 _aMadrid Hurtado, Miguel de la.
_969704
901 _aBK
942 _cLIBRO
949 _a972.083 M4 1983-84
_bBC
_cC
_d33724000652418
_eC
_fv.4
_h62612
_i40300
_si
949 _a972.083 M4 1983-84
_bBC
_cC
_d33724000652426
_eC
_fv.2
_h62610
_i40300
_si
949 _a972.083 M4 1983-84
_bBC
_cC
_d33724000652442
_eC
_fv.1
_h62609
_i40300
_si
949 _a972.083 M4 1983-84
_bBC
_cC
_d33724000652491
_eC
_fv.6
_h62614
_i40300
_si
949 _a972.083 M4 1983-84
_bBC
_cC
_d33724000652509
_eC
_fv.10
_h62618
_i40300
_si
949 _a972.083 M4 1983-84
_bBC
_cC
_d33724000652525
_eC
_fv.11
_h62619
_i40300
_si
949 _a972.083 M4 1983-84
_bBC
_cC
_d33724000652533
_eC
_fv.8
_h62616
_i40300
_si
949 _a972.083 M4 1983-84
_bBC
_cC
_d33724000652541
_eC
_fv.13
_h62621
_i40300
_si
949 _a972.083 M4 1983-84
_bBC
_cC
_d33724000652558
_eC
_fv.15
_h62623
_i40300
_si
949 _a972.083 M4 1983-84
_bBC
_cC
_d33724000652566
_eC
_fv.14
_h62622
_i40300
_si
949 _a972.083 M4 1983-84
_bBC
_cC
_d33724000652616
_eC
_fv.7
_h62615
_i40300
_si
949 _a972.083 M4 1983-84
_bBC
_cC
_d33724000652640
_eC
_fv.3
_h62611
_i40300
_si
949 _a972.083 M4 1983-84
_bBC
_cC
_d33724000653200
_eC
_fv.9
_h62617
_i40300
_si
949 _a972.083 M4 1983-84
_bBC
_cC
_d33724000656369
_eC
_fv.12
_h62620
_i40300
_si
949 _a972.083 M4 1983-84
_bBC
_cC
_d33724000657375
_eC
_fv.5
_h62613
_i40300
_si
999 _c35209
_d35209